| 000 | 00721cab a2200217 4500 | ||
|---|---|---|---|
| 001 | WB3423-48 | ||
| 008 | 090401t1998 xxu||||| |||| 00| 0 eng d | ||
| 035 | _a(Sirsi) u86829 | ||
| 041 | _aeng | ||
| 245 | _aStamp duty loophole | ||
| 260 | _c1998 | ||
| 350 | _a0 | ||
| 490 |
_aTaxation _v14 June 1998, 4(1) |
||
| 520 | _aA number of property companies are considering setting up single-asset property companies to exploit a tax loophole to reduce the amount of stamp duty payable by selling shares in these companies rather than the properties. | ||
| 650 | _aPROPERTY COMPANIES | ||
| 650 | _aSINGLE ASSET PROPERTY COMPANIES | ||
| 650 | _aSTAMP DUTY | ||
| 690 | _aTAXATION | ||
| 942 | _n0 | ||
| 948 | _c16/06/1998 | ||
| 999 |
_c54673 _d54673 |
||